000 00346nam a2200133Ia 4500
005 20260326100034.0
008 260326s9999||||xx |||||||||||||| ||und||
100 _aDesroches-Noblecourt, Christiane
245 0 _aEl Arte Egipcio /
_cChristiane Desroches-Noblecourt
260 _bPlaza & Janés
300 _a184 p.
650 _aARTE
942 _cBK
999 _c6743
_d6743